天竜川に架かる道路橋とダム - Statistics

General Stats
  • This quiz has been taken 8 times
    6 since last reset
  • The average score is 17 of 115
Answer Stats
右岸の市町村 左岸の市町村 備考 % Correct
天竜橋 長野県道16号 岡谷茅野線 | 長野県道430号 為栗和合線
67%
大橋 国道361号 | 長野県道14号 下諏訪辰野線
67%
上伊那郡南箕輪村 | 下伊那郡松川町 天龍橋 伊那市 国道153号 | 長野県道237号 米川飯田線
67%
天竜大橋 長野県道49号 駒ヶ根長谷線
67%
岡谷市 釜口水門 岡谷市 水門
50%
釜口橋 長野県道16号 岡谷茅野線
50%
天竜川橋 中央自動車道 上り | 中央自動車道 下り | 東名高速道路 上り | +2 others
50%
天龍川橋 国道418号
50%
天竜川橋梁 JR飯田線
50%
岡谷高架橋 長野自動車道 上り | 長野自動車道 下り
33%
天龍峡大橋 三遠南信自動車道
33%
佐久間ダム ダム愛知県道1号 / 静岡県道1号 飯田富山佐久間線
33%
竜山橋
33%
竜山大橋 静岡県道285号 大輪天竜線
33%
遠州大橋 国道150号
33%
橋原橋
17%
清水橋
17%
明神橋
17%
箕輪橋
17%
桜橋
17%
日曽利橋 上伊那郡飯島町 長野県道200号 飯島(停)日曽利線
17%
上伊那郡中川村 坂戸橋 長野県道217号 大草坂戸線
17%
飯田市 阿島橋 下伊那郡喬木村 長野県道251号 大島阿島線
17%
下伊那郡阿南町 泰阜ダム ダム
17%
平岡ダム ダム
17%
平岡橋
17%
浜松市天竜区 原田橋 国道473号
17%
中部大橋 静岡県道291号 中部天竜停車場線
17%
大輪橋 国道152号
17%
瀬尻橋
17%
秋葉ダム ダム
17%
秋葉橋
17%
横山橋 国道152号
17%
新天竜川橋 国道1号 | 新東名高速道路 上り | 新東名高速道路 下り
17%
浜北大橋 静岡県道61号 浜北袋井線
17%
掛塚橋 国道150号
17%
駅南天竜橋
0%
捷径橋
0%
竜上橋
0%
観蛍橋 長野県道14号 下諏訪辰野線
0%
西天竜頭首工 頭首工
0%
西天竜堰管理橋
0%
天白橋
0%
上伊那郡辰野町 山の尾橋 上伊那郡辰野町
0%
わらべ橋
0%
松尾橋
0%
昭和橋
0%
城前橋
0%
新樋橋
0%
相合橋 長野県道203号 与地辰野線
0%
東西橋 上伊那郡箕輪町
0%
上伊那郡箕輪町 伊那路橋 長野県道206号 南小河内伊那松島停車場線
0%
十沢橋
0%
町田橋
0%
新箕輪橋 長野県道207号 美篶箕輪線
0%
新水神橋 国道153号
0%
水神橋
0%
二条橋
0%
中央橋
0%
毛見橋
0%
平成大橋
0%
春塚大橋 長野県道209号 沢渡高遠線
0%
殿島橋
0%
上伊那郡宮田村 北の城橋 駒ヶ根市
0%
大久保ダム ダム
0%
大久保橋 長野県道213号 栗林宮田停線
0%
駒ヶ根市 駒見大橋
0%
小鍛冶大橋
0%
南向ダム ダム
0%
吉瀬橋
0%
上伊那郡飯島町 吉瀬田切大橋 長野県道18号 伊那生田飯田線
0%
天王橋
0%
飯沼橋 上伊那郡中川村
0%
牧ヶ原橋
0%
天の中川橋 長野県道218号 北林飯島線
0%
宮ヶ瀬橋 下伊那郡松川町 長野県道18号 伊那生田飯田線
0%
台城橋 下伊那郡豊丘村
0%
下伊那郡高森町 万年橋 長野県道226号 市ノ沢山吹停車場線
0%
弁天橋 長野県道18号 伊那生田飯田線
0%
南原橋 長野県道237号 米川飯田線
0%
姑射橋 長野県道492号 天竜峡停車場下平線
0%
躑躅橋
0%
下伊那郡下條村 長瀞橋 下伊那郡泰阜村 長野県道64号 天竜公園阿智線
0%
櫓橋 長野県道83号 下条米川飯田線
0%
竜田橋
0%
南宮大橋 長野県道1号 飯田富山佐久間線
0%
羽衣崎橋 長野県道1号 飯田富山佐久間線
0%
平神橋
0%
北設楽郡豊根村 鷹巣橋 浜松市天竜区 愛知県道426号 / 静岡県道287号 津具大嵐停車場線
0%
戸口橋
0%
峰之澤橋
0%
雲名橋 静岡県道285号 大輪天竜線
0%
夢のかけ橋
0%
伊砂橋 静岡県道360号 渡ヶ島横山線
0%
船明ダム ダム
0%
塩見渡橋 静岡県道297号 両島二俣線
0%
鹿島橋 国道362号
0%
浜松市浜名区 飛龍大橋 磐田市 国道152号
0%
浜松市中央区 かささぎ大橋 静岡県道374号 浜松袋井線
0%
No matching quizzes found
Score Distribution
Percent of People with Each Score
Percentile by Number Answered
Your Score History
You have not taken this quiz since the last reset